Normal view MARC view

Entry Personal Name

Number of records used in: 9

001 - CONTROL NUMBER

  • control field: 27452

003 - CONTROL NUMBER IDENTIFIER

  • control field: dpl

005 - DATE AND TIME OF LATEST TRANSACTION

  • control field: 20110425105943.0

008 - FIXED-LENGTH DATA ELEMENTS

  • fixed length control field: 110425|||a|||||| | ||| d

040 ## - CATALOGING SOURCE

  • Original cataloging agency: dpl
  • Transcribing agency: dpl

100 ## - HEADING--PERSONAL NAME

  • Personal name: Sharat Kumar

670 ## - SOURCE DATA FOUND

  • Source citation: Work cat.: (dpl): Leading companies of India Inc :, 2010

670 ## - SOURCE DATA FOUND

  • Source citation: Work cat.: (dpl): Leading companies of India Inc :, 2010

© Delhi Public Library
Hit Counter
free hit counter